| 000 | 00876nas a2200253 4500 | ||
|---|---|---|---|
| 005 | 20180807105926.0 | ||
| 008 | 180807b xxu||||| |||| 00| 0 spa d | ||
| 022 | _a16593359 | ||
| 082 | _aTEC Empresarial Vol. 12, N° 1, 2018 | ||
| 100 |
_aRocca Espinoza, Eduardo _948955 |
||
| 100 |
_aGarcía Peréz de Lema, Domingo _99447 |
||
| 100 |
_aDuréndez Goméz Guillén, Antonio _948956 |
||
| 245 | _aFactores determinantes para la concesión de crédito por parte de las entidades financieras a las Mipymes | ||
| 260 | _aCosta Rica | ||
| 260 | _bTecnológico de Costa Rica | ||
| 260 | _c2018 | ||
| 300 | _a19-30 páginas | ||
| 440 |
_aTEC Empresarial _n1 _v12 _948957 |
||
| 650 |
_aMIPYMES _933612 |
||
| 650 |
_aCRÉDITOS _9640 |
||
| 650 |
_aENTIDADES FINANCIERAS _939325 |
||
| 942 | _cREV | ||
| 773 | 0 |
_08043 _931674 _a _b _dCosta Rica _oTE18112 _tTEC Empresarial _w _x16592395 _z |
|
| 999 |
_c10973 _d10973 |
||